00531nam a22001577a 4500003000900000005001700009008004100026020001500067040002500082082001500107100002100122245012500143250001100268260006700279300002700346DO-SdBNP20211122130826.0211122b2002 ||||| |||| 00| 0 eng d a189107900X aDO-SdBNPbspacBNPHU axxxbB877t aBrwne, Robert T. aThe mystery of space :ba study of the hyperspace movement in the light of the evolution of new psychic faculties and... a2. ed. aSanto Domingo :bThe Hermetic Society For World Service,c2002 a340 p. :bil. ;c23 cm